<The> European Union and the Souvereignity of Member State
Stručná história integrácie Európskej únie. Nadnárodnosť a suverenita členský štátov. Zásada lojality v Európskej únii. Rozdelenie právomocí. Priorita práva Európskej únie nad národným právom. Občianstvo Európskej únie.
Na minha lista:
| Autor principal: | |
|---|---|
| Formato: | Capítulo de Livro |
| Idioma: | inglês |
| Assuntos: | |
| Tags: |
Sem tags, seja o primeiro a adicionar uma tag!
|
MARC
| LEADER | 00000naa a2200000 4500 | ||
|---|---|---|---|
| 001 | 0254410 | ||
| 005 | 20190531100904.4 | ||
| 041 | 0 | |a eng | |
| 044 | |a SK | ||
| 245 | 1 | 0 | |a <The> European Union and the Souvereignity of Member State |c Andrea Zjarová |
| 520 | |a Stručná história integrácie Európskej únie. Nadnárodnosť a suverenita členský štátov. Zásada lojality v Európskej únii. Rozdelenie právomocí. Priorita práva Európskej únie nad národným právom. Občianstvo Európskej únie. | ||
| 610 | 2 | 0 | |a integrácia ekonomická medzinárodná |
| 610 | 2 | 0 | |a Európska únia |
| 610 | 2 | 0 | |a história |
| 610 | 2 | 0 | |a spolupráca hospodárska medzinárodná |
| 610 | 2 | 0 | |a suverenita štátna |
| 610 | 2 | 0 | |a právo európske |
| 610 | 2 | 0 | |a kompetencie |
| 100 | 1 | |a Zjarová, Andrea | |